000 00331nam a2200121Ia 4500
008 220216s9999 xx 000 0 und d
100 _aRhodes Edgar
245 0 _aCreaming latex with tragon seed gum
260 _bJournal of the Rubber Research Institute of Malaya
_c1935
300 _a140-142
700 _aSekar K C
942 _cJS
999 _c56502
_d56502